000
00296nam a22001337a 4500
020
_a
0582296536
082
_a
657.45 PRA
100
_a
Michael J. P.
_9
5692
245
_a
Auditing
260
_a
London
_b
Longman
_c
1983
300
_a
x, 508
_b
; ill. : 22cm
500
_a
Includes index
942
_c
BK
999
_c
20201
_d
20201